<?xml version="1.0" encoding="UTF-8"?>
<collection xmlns="http://www.loc.gov/MARC21/slim">
 <record>
  <leader>00994pamaa2200205   4500</leader>
  <controlfield tag="001">0000044181</controlfield>
  <controlfield tag="005">20130626090000.0</controlfield>
  <controlfield tag="008">080915                             eng  </controlfield>
  <datafield tag="020" ind1="0" ind2="0">
   <subfield code="a">9679121038 </subfield>
  </datafield>
  <datafield tag="090" ind1="0" ind2="0">
   <subfield code="a">DS597.215.A23 </subfield>
   <subfield code="b">PRI 2007</subfield>
  </datafield>
  <datafield tag="245" ind1="1" ind2="0">
   <subfield code="a">Prince among men : </subfield>
   <subfield code="b">recollections and reflections on Tunku Abdul Rahman Putra  </subfield>
   <subfield code="c">editor, Prabhakaran S. Nair; </subfield>
   <subfield code="f">[compiled by] Ministry of Culture, Arts and Heritage Malaysia [and] National Archives of Malaysia.</subfield>
  </datafield>
  <datafield tag="260" ind1="0" ind2="0">
   <subfield code="a">Kuala Lumpur, Malaysia: </subfield>
   <subfield code="b">National Archives of Malaysia, </subfield>
   <subfield code="c">[2007?].</subfield>
  </datafield>
  <datafield tag="300" ind1=" " ind2=" ">
   <subfield code="a">xli, 494 p.: </subfield>
   <subfield code="b">ill. (some col.), map; </subfield>
   <subfield code="c">29 cm.</subfield>
  </datafield>
  <datafield tag="501" ind1="0" ind2="0">
   <subfield code="a">Library</subfield>
  </datafield>
  <datafield tag="504" ind1="0" ind2="0">
   <subfield code="a">Includes bibliographical references and index</subfield>
  </datafield>
  <datafield tag="600" ind1="0" ind2="0">
   <subfield code="a">Abdul Rahman, Tunku, Putra Al-Haj, </subfield>
   <subfield code="d">1903-1990</subfield>
  </datafield>
  <datafield tag="650" ind1="0" ind2="0">
   <subfield code="a">Malaysia -- </subfield>
   <subfield code="x">Politics and government -- </subfield>
   <subfield code="y">20th century </subfield>
  </datafield>
  <datafield tag="650" ind1="0" ind2="0">
   <subfield code="a">Prime ministers -- </subfield>
   <subfield code="x">Biography -- </subfield>
   <subfield code="z">Malaysia </subfield>
  </datafield>
  <datafield tag="700" ind1="1" ind2="1">
   <subfield code="a">Nair, </subfield>
   <subfield code="h">Prabhakaran S. </subfield>
  </datafield>
  <datafield tag="700" ind1="1" ind2="1">
   <subfield code="a">Malaysia. Kementerian Kebudayaan, Kesenian dan Warisan. Arkib Negara Malaysia </subfield>
  </datafield>
 </record>
</collection>
